Normal view
MARC view
- Neufville, Richard de
Entry Personal Name
001 - CONTROL NUMBER
- control field: 85092
003 - CONTROL NUMBER IDENTIFIER
- control field: NUST
005 - DATE AND TIME OF LATEST TRANSACTION
- control field: 20211125104713.0
008 - FIXED-LENGTH DATA ELEMENTS
- fixed length control field: 211125|| aca||aabn | a|a d
040 ## - CATALOGING SOURCE
- Original cataloging agency: NUST
- Transcribing agency: NUST
100 ## - HEADING--PERSONAL NAME
- Personal name: Neufville, Richard de
670 ## - SOURCE DATA FOUND
- Source citation: Work cat.: (NUST)33843: Neufville, Richard de, Applied Systems Analysis Engineering Planning and Technology Management , 1990.
